Die optimale Lenkung der Produktion

Gespeichert in:
Bibliographische Detailangaben
Format: Buch
Sprache:Deutsch
Veröffentlicht: München : MI Verlag, 1979
Schlagworte:
Tags: Tag hinzufügen
Keine Tags, Fügen Sie das erste Tag hinzu!

MARC

LEADER 00000nam a22000003a 4500
001 stu40176
005 20150408180629.1
008 930406s1979----gw------------------ger-d
040 |a STU  |b slo 
041 0 |a ger 
044 |a gw 
080 |a 681.513.5 
245 |a Die optimale Lenkung der Produktion 
260 |a München :  |b MI Verlag,  |c 1979 
300 |a 230 s 
650 7 |a Riadenie optimálne  |2 stusub 
996 |b 284M014814  |c M*6411-1  |l MMKN  |s A  |a 24  |w stu40176_0001